Nova gramática didáctica de português (Registo nº 1401)

Detalhes MARC
000 -Etiqueta do registo
Cabeçalho 01499cam a2200397 4500
005 - Identificador da versão
Campo de controlo 20240813121835.0
010 ## - Número internacional normalizado dos livros (ISBN)
Número (ISBN) 9789727618880
021 ## - Número do Depósito Legal
Código do país PT
Número 321992/11
035 ## - Other System Control Numbers
System Control Number (bn)1796268
System Control Number 2454861
003 - Persistent Record Identifier
control field http://catalogo.bnportugal.pt/ipac20/ipac.jsp?profile=bn&uri=full=3100024~!1796268~!0
100 ## - Dados gerais de processamento
Dados gerais de processamento 20111202d1985 m y0pory5003 ba
102 ## - Pais de publicação ou produção
País de publicação Portugal
101 0# - Língua de publicação
Língua do texto, banda sonora, etc. Português
106 ## - Campo de dados codificados: material textual
Dados codificados do material textual r
105 ## - Campo de dados codificados: livros
Dados codificados dos livros a z 000yy
215 ## - Descrição física 
Indicação específica da natureza do documento e extensão da espécie 368 p.
Outras indicações físicas il.
Dimensões 28 cm
200 1# - Titulo e menção de responsabilidade
Título próprio Nova gramática didáctica de português
Informação de outro título conforme o dicionário terminológico
Primeira menção de responsabilidade colab. Cristina Serôdio... [et al.]
Outras menções de responsabilidade il. Paulo Oliveira
-- rev. Ana Abranches, Manuela Gonzaga, Nuno Carvalho
205 ## - Menção da edição
Menção da edição 1a ed.
Outras menções de edição 1a tir
210 ## - Publicação, Distribuição, etc. 
Lugar da edição, distribuição, etc. Lisboa
Nome do editor, distribuidor, etc. Santillana
Data da publicação, distribuição, etc. cop. 2011
320 ## - Nota relativa a bibliografia e índices internos 
Texto da nota Bibliografia, p. 367
300 ## - Notas gerais 
Texto da nota Conforme o novo Acordo Ortográfico da língua portuguesa
606 ## - Nome comum usado como assunto
Número de registo de entrada de autoridade 0001990
Palavra de ordem Língua portuguesa
Subdivisão de assunto Gramática
Form Subdivision [Manuais de ensino básico]
Código do sistema SIPOR
Número de registo de entrada de autoridade 0001991
Palavra de ordem Língua portuguesa
Subdivisão de assunto Gramática
Form Subdivision [Manuais de ensino secundário]
Código do sistema SIPOR
675 ## - Classificação Decimal Universal (CDU)
Notação 811.134.3'36(075.2)
Edição BN
Língua da edição por
Notação 811.134.3'36(075.3)
Edição BN
Língua da edição por
702 #1 - Nome de autor-pessoa física (responsabilidade secundária)
Número de registo de entrada de autoridade 0001992
Palavra de ordem Abranches
Outra parte do nome não tomada para palavra de ordem Ana
Código de função Autor de recensão / Crítico
Número de registo de entrada de autoridade 0001993
Palavra de ordem Serôdio
Outra parte do nome não tomada para palavra de ordem Cristina
Código de função Colaborador
Número de registo de entrada de autoridade 0001994
ID Autoridade 7
Palavra de ordem Oliveira
Outra parte do nome não tomada para palavra de ordem Paulo
Código de função Ilustrador / Técnico de desenho computorizado
Número de registo de entrada de autoridade 0001995
Palavra de ordem Gonzaga
Outra parte do nome não tomada para palavra de ordem Manuela
Datas 1952-
Código de função Autor de recensão / Crítico
Número de registo de entrada de autoridade 0001996
ID Autoridade 3
Palavra de ordem Carvalho
Outra parte do nome não tomada para palavra de ordem Nuno
Código de função Autor de recensão / Crítico
966 ## - Identificação da Biblioteca
Sigla NUMETECA
942 ## - Elementos de entrada adicionados (Koha)
Tipo de item no Koha Livro
Exemplares
Situação do levantamento Origin of item (home branch) (coded) Biblioteca de empréstimo Código de barras Cota Circulation type (not for loan) Tipo de documento Nota do exemplar Damaged status
  Biblioteca Escolar Eng. Nuno Mergulhão Biblioteca Escolar Eng. Nuno Mergulhão BENM3484 | 2011 811 GRA PER   Cativo Sem mensagem